Top 25 Countries in Men's High Jump - Statistics

General Stats
  • This quiz has been taken 24 times
  • The average score is 20 of 25
Answer Stats
NR Continent Answer % Correct
2.42 Europe Germany
100%
2.40 North America United States
100%
2.39 Asia China
96%
2.45 North America Cuba
96%
2.39 Europe Italy
96%
2.43 Asia Qatar
96%
2.40 North America Canada
92%
2.36 Oceania Australia
88%
2.40 Europe Russia
88%
2.36 Asia South Korea
83%
2.42 Europe Sweden
83%
2.38 Europe United Kingdom
83%
2.36 Europe Belgium
79%
2.36 Europe Norway
79%
2.38 Europe Poland
79%
2.42 Europe Ukraine
79%
2.36 Europe Greece
75%
2.40 Europe Romania
75%
2.37 Europe Belarus
71%
2.38 Africa South Africa
71%
2.38 North America Bahamas
63%
2.37 Europe Czech Republic
63%
2.36 Asia Israel
63%
2.36 Europe Bulgaria
54%
2.36 Asia Syria
38%
No matching quizzes found
Score Distribution
Percent of People with Each Score
Percentile by Number Answered
Your Score History
You have not taken this quiz